Alle Bundesligameister - Statistiken

Allgemein
  • Dieses Quiz wurde 220 mal gespielt
  • Das Durchschnittsergebnis liegt bei 16 aus 30
Antwortstatistiken
Mannschaft Titel % Korrekt
Borussia Dortmund 8
98%
Bayern München 33
96%
Hamburger SV 6
91%
Bayer Leverkusen 1
90%
Werder Bremen 4
90%
VfB Stuttgart 5
89%
FC Köln 3
88%
Schalke 04 7
87%
Borussia Mönchengladbach 5
84%
FC Nürnberg 9
83%
VfL Wolfsburg 1
81%
Eintracht Frankfurt 1
78%
FC Kaiserslautern 4
71%
Hertha BSC 2
71%
1860 Munich 1
65%
Eintracht Braunschweig 1
58%
Fortuna Düsseldorf 1
58%
Hannover 96 2
57%
Greuther Fürth 3
35%
VfR Mannheim 1
28%
Rapid Wien 1
22%
Karlsruher FV 1
19%
Karlsruher SC 1
18%
Rot-Weiss Essen 1
13%
FC Viktoria 1889 Berlin 2
8%
Holstein Kiel 1
7%
Dresdner SC 2
6%
Freiburger FC 1
6%
FC Lokomotive Leipzig 3
5%
SpVg Blau-Weiß 90 Berlin 1
5%
Keine übereinstimmenden Quizze gefunden
Verteilung der Resultate
Anzahl Personen mit jedem Resultat
Perzentil nach korrekt beantworteten Fragen
Ihre Resultats-Entwicklung
Sie haben dieses Quiz noch nicht gespielt